000 00525nam a2200181Ia 4500
008 100917s9999 xx 000 0 und d
082 _b59654
100 _aमाटे श्री. म.
245 _aमाणूसकीचा गहिवर
260 _bमाटे श्री. म.
_c1955
300 _a187
365 _b3
520 _aकथा
630 _aमाणूसकीचा गहिवर
650 _aकथा
730 _aमाणूसकीचा गहिवर
942 _cBOOK
999 _c665048
_d665045